Study habits of selected college Students of the University of Rizal System a metacognitive process (Record no. 82391)

MARC details
000 -LEADER
fixed length control field 01739nam a22002417a 4500
003 - CONTROL NUMBER IDENTIFIER
control field URS
005 - DATE AND TIME OF LATEST TRANSACTION
control field 20250317184620.0
008 - FIXED-LENGTH DATA ELEMENTS--GENERAL INFORMATION
fixed length control field 250317b |||||||| |||| 00| 0 eng d
050 00 - LIBRARY OF CONGRESS CALL NUMBER
Classification number LG 221.R59
Item number .ST9468 2013
245 ## - TITLE STATEMENT
Title <a href="Study habits of selected college Students of the University of Rizal System a metacognitive process ">Study habits of selected college Students of the University of Rizal System a metacognitive process </a>
Statement of responsibility, etc Leonida Lodivico Ballega...[et.al]
300 ## - PHYSICAL DESCRIPTION
Extent xiv. 65 Leaves
Other physical details Illustration
Dimensions 28cm
336 ## - CONTENT TYPE
Source rdacontent
Content type term text
337 ## - MEDIA TYPE
Source rdamedia
Media type term unmediated
338 ## - CARRIER TYPE
Source rdacarrier
Carrier type term volume
502 ## - DISSERTATION NOTE
Dissertation note Undergraduate Thesis
Degree type Bachelor of Elementary Education
Name of granting institution University of Rizal System, Rodriguez, Rizal
Year degree granted 2013
520 ## - SUMMARY, ETC.
Summary, etc This study aimed to determine the study habits of selected college students of the University of Rizal System Rodriguez through metacognitive process.<br/><br/>It involved 112 selected college students who were enrolled for the school year 2011-2012. The results of the study were statistically treated with the use of frequency. percentage distribution, mean and One-way ANOVA.<br/><br/>Based on the analyzed data, the following were the findings: On the profile of the respondents in terms of sex, most of the respondents were females with a frequency of 112 or 56.0 percent while males were 88 or 44.5 percent; In terms of year level, both 1st year and 2nd year had the same frequency of 65 or 32.5 percent, 50 or 25 percent in 3rd year and 20 or 10 percent in 4th year; In terms of birth order, there were 88 or 44 percent/
650 ## - SUBJECT ADDED ENTRY--TOPICAL TERM
Source of heading or term the study habits of selected college
700 ## - ADDED ENTRY--PERSONAL NAME
Personal name Ballega Leonida Lodivico
Relator term Researcher
700 ## - ADDED ENTRY--PERSONAL NAME
Personal name Gonzales Pandi andi Ma.Jean
Relator term Researcher
700 ## - ADDED ENTRY--PERSONAL NAME
Personal name Sosmena tabin Joleen
Relator term Researcher
700 ## - ADDED ENTRY--PERSONAL NAME
Personal name Gimeno Ferdinad
Relator term Adviser
942 ## - ADDED ENTRY ELEMENTS (KOHA)
Source of classification or shelving scheme Library of Congress Classification
Koha item type Theses and dissertations
Holdings
Withdrawn status Source of classification or shelving scheme Damaged status Not for loan Home library Current library Shelving location Date acquired Total Checkouts Full call number Barcode Date last seen Copy number Price effective from Koha item type Source of acquisition
  Library of Congress Classification   Not For Loan Rodriguez College Library Rodriguez College Library Undergraduate Theses 03/17/2025   LG 221.R59.St9468 2013 URSROD-UGT-BEED-1112 03/17/2025 1 03/17/2025 Theses and dissertations  
  Library of Congress Classification   Not For Loan Rodriguez College Library Rodriguez College Library Undergraduate Theses 03/17/2025   LG 221.R59.St9468 2013 URSROD-UGT-BEED-1113 03/17/2025 C2 03/17/2025 Theses and dissertations  
  Library of Congress Classification   Not For Loan Rodriguez College Library Rodriguez College Library Undergraduate Theses 03/17/2025   LG 221.R59 .ST9468 2013 URSROD-UGT-BEED-1114 03/17/2025 C3 03/17/2025 Theses and dissertations Donation/Library fund

University of Rizal System
Email us at univlibservices@urs.edu.ph

Visit our Website www.urs.edu.ph/library